Estatísticas para Cultura Geral

Clique aqui para jogar o quiz

Estatísticas Gerais

  • Esse quiz foi jogado 31 vezes
  • A pontuação média é 5 de 15

Estatísticas das Respostas

HintResposta% Correto
Em que país podemos encontrar Valência?Espanha
87%
Que árvore dá laranjas?Laranjeira
87%
Que nome se dá a um profissional que conserta, fabrica e faz diversos trabalhos na área de calçado?Sapateiro
74%
Que animal é o Winnie-the-Pooh?Urso
65%
Que ciência estuda os animais?Zoologia
48%
Em que país podemos encontrar a cidade de Victoria?Austrália
39%
Onde nasceu o David Guetta?França
35%
Qual cidade sedia a maratona anual mais antiga do mundo?Boston
26%
Quem canta a música "Anaconda"?Nicki Minaj
22%
Quem canta a música "I Want To Hold Your Hand"?The Beatles
17%
Qual era a identidade secreta de Miley Stewart?Hannah Montana
13%
Na saga Harry Potter quem era a namorada do Harry Potter?Ginny Weasley
4%
Qual é o país de origem do grupo musical Cascada?Alemanha
0%
Quem canta a música "When Love Takes Over" com David Guetta?Kelly Rowland
0%
Que nome se dá á maneira criativa de pintar, decorar, realçar, e embelezar as unhas?Nail Art
0%

Distribuição das Pontuações

Percentil de Números Respondidos

Porcentagem de Pessoas com Cada Pontuação

Sua Pontuação Histórica

Você não jogou esse quiz